Statistiques concernant Culture Générale - Série 491

Cliquez ici pour prendre le quiz!

Statistiques générales

  • Ce quiz a été pris 156 fois
  • Le résultat moyen est 6 sur 10

Statistiques - réponses

QuestionRéponse% Correct
Quel département du Sud‐Ouest de la France est couvert aux deux tiers par la forêt ?Les Landes
83%
De quel président africain Winnie Madikizela a‐t‐elle été l'épouse ?Nelson Mandela
81%
Quelle première dame des Etats‐Unis avait pour nom de jeune fille "Bouvier" ?Jacqueline Kennedy
76%
Quelle forme géométrique est caractéristique du calisson d'Aix‐en‐Provence ?losange
72%
Quel nom désigne la forêt de conifères du nord de la Russie et de l'Amérique du Nord ?taïga
68%
Quelle confiserie, faite d'une amande enrobée de sucre, est une spécialité de Verdun ?dragée
58%
Dans quelle forêt française l'armistice du 11 novembre 1918 a‐t‐il été signé ?Compiègne
44%
Quels arbres aux racines aériennes sont caractéristiques de la mangrove ?palétuviers
32%
Quelle confiserie originaire de Lyon contient des charades dans son emballage ?papillote
32%
En 1953, quelle chanteuse vend des confiseries dans la chanson intitulée "Bonbons, caramels" ?Annie Cordy
18%

Distribution des résultats

Percentile par nombre de réponses

% des personnes avec chaque résultat

Votre développement - résultats

Vous n’avez pas pris ce quiz